000 00511nam a2200169 a 4500
001 000039054
005 20201002031457.0
008 090917s2009 dr a 000 0 spa d
040 _aDO-SdBNP
_bspa
_cVBPHU
082 _a843.7
_bD886d
100 1 _aDumas, Alejandro,
_c(hijo)
_d1824-1895
_922919
245 1 3 _aLa dama de las camelias /
_cAlejandro Dumas.
260 _aSanto Domingo :
_bSantuario,
_c2009.
300 _a236 p. : ;
_c23 cm.
650 4 _aNovela francesa
_91075
650 4 _aLiteratura francesa
_91074
999 _c38544
_d38544